U.S. state populations in units of New Zealand Quiz Stats

 Plays Quiz not verified by Sporcle

Score 0/52 Timer 06:00
0 Plays Today
% Correct
California
90.5%
New York
90.5%
Texas
85.7%
Alaska
81%
Florida
76.2%
Michigan
76.2%
Illinois
71.4%
Pennsylvania
71.4%
Ohio
71.4%
Georgia
71.4%
Hawaii
71.4%
South Dakota
71.4%
District of Columbia
71.4%
New Jersey
66.7%
Delaware
66.7%
North Dakota
66.7%
Vermont
66.7%
Wyoming
66.7%
North Carolina
61.9%
Maryland
61.9%
New Hampshire
61.9%
Montana
61.9%
Virginia
57.1%
Massachusetts
57.1%
Arizona
57.1%
Indiana
57.1%
% Correct
Alabama
57.1%
Oregon
57.1%
Idaho
57.1%
Maine
57.1%
Rhode Island
57.1%
Washington
52.4%
Tennessee
52.4%
Minnesota
52.4%
South Carolina
52.4%
Louisiana
52.4%
Kentucky
52.4%
Iowa
52.4%
Utah
52.4%
Puerto Rico
47.6%
Kansas
47.6%
New Mexico
47.6%
Missouri
42.9%
Colorado
42.9%
Arkansas
42.9%
Nevada
42.9%
Connecticut
38.1%
Mississippi
38.1%
Nebraska
38.1%
Wisconsin
33.3%
Oklahoma
33.3%
West Virginia
28.6%

You're not logged in!

Compare scores with friends on all Sporcle quizzes.
Join for Free
OR
Log In

You Might Also Like...

Show Comments

Extras

Top Quizzes Today


Score Distribution

Your Account Isn't Verified!

In order to create a playlist on Sporcle, you need to verify the email address you used during registration. Go to your Sporcle Settings to finish the process.

Report this User

Report this user for behavior that violates our Community Guidelines.

Details: